| 000 | 00418nam a2200157Ia 4500 | ||
|---|---|---|---|
| 008 | 220603s9999 xx 000 0 und d | ||
| 082 |
_a610.73677 _bWIL/HOP |
||
| 100 |
_aWilliams Linda & Hopper Paula _992859 |
||
| 245 | _aUnderstanding Medical Surgical Nursing | ||
| 250 | _a4th ed | ||
| 260 |
_aNew Delhi _bJaypee Brothers _c2012 |
||
| 300 | _a1459p | ||
| 365 | _bRs. | ||
| 542 | _bBSC | ||
| 999 |
_c56853 _d56853 |
||